Surface-water resources of Arkansas / (Record no. 28463)
[ view plain ]
| 000 -LEADER | |
|---|---|
| fixed length control field | 01096cam a22002891a 4500 |
| 001 - CONTROL NUMBER | |
| control field | gs 50000114 |
| 003 - CONTROL NUMBER IDENTIFIER | |
| control field | DLC |
| 005 - DATE AND TIME OF LATEST TRANSACTION | |
| control field | 20260227111356.0 |
| 008 - FIXED-LENGTH DATA ELEMENTS--GENERAL INFORMATION | |
| fixed length control field | 890201s1950 arua s000 0 eng |
| 010 ## - LIBRARY OF CONGRESS CONTROL NUMBER | |
| LC control number | gs 50000114 |
| 035 ## - SYSTEM CONTROL NUMBER | |
| System control number | (OCoLC)19090216 |
| 040 ## - CATALOGING SOURCE | |
| Original cataloging agency | DLC |
| Transcribing agency | ArU |
| Modifying agency | UU |
| -- | DLC |
| 042 ## - AUTHENTICATION CODE | |
| Authentication code | premarc |
| 043 ## - GEOGRAPHIC AREA CODE | |
| Geographic area code | n-us-ar |
| 050 00 - LIBRARY OF CONGRESS CALL NUMBER | |
| Classification number | QE87 |
| Item number | .A2 no. 17 |
| 100 1# - MAIN ENTRY--PERSONAL NAME | |
| Personal name | Saunders, John L. |
| Fuller form of name | (John Laroy), |
| Dates associated with a name | 1897- |
| 245 10 - TITLE STATEMENT | |
| Title | Surface-water resources of Arkansas / |
| Statement of responsibility, etc. | John L. Saunders, G.A. Billingsley |
| 260 ## - PUBLICATION, DISTRIBUTION, ETC. | |
| Place of publication, distribution, etc. | Fayetteville, Ark. : University of Arkansas, Institute of Science and Technology, |
| Date of publication, distribution, etc. | 1950. |
| 300 ## - PHYSICAL DESCRIPTION | |
| Extent | 181 p. : |
| Other physical details | ill. ; |
| Dimensions | 23 cm. |
| 490 1# - SERIES STATEMENT | |
| Series statement | I.S.T. research series ; |
| Volume/sequential designation | no. 18 |
| 490 1# - SERIES STATEMENT | |
| Series statement | Div. of Geology bulletin ; |
| Volume/sequential designation | no. 17 |
| 500 ## - GENERAL NOTE | |
| General note | "June, 1950." |
| 650 #0 - SUBJECT ADDED ENTRY--TOPICAL TERM | |
| Topical term or geographic name entry element | Water-supply |
| Geographic subdivision | Arkansas. |
| 700 1# - ADDED ENTRY--PERSONAL NAME | |
| Personal name | Billingsley, G. A. |
| Fuller form of name | (Granville Alton), |
| Dates associated with a name | 1916- |
| 830 #0 - SERIES ADDED ENTRY--UNIFORM TITLE | |
| Uniform title | Research series (University of Arkansas, Fayetteville. Institute of Science and Technology) ; |
| Volume/sequential designation | no. 18 |
| 830 #0 - SERIES ADDED ENTRY--UNIFORM TITLE | |
| Uniform title | Bulletin (Arkansas Resources and Development Commission. Division of Geology) ; |
| Volume/sequential designation | 17 |
No items available.